000 00656cam a2200253 4500
001 J3650
008 090401t1996 xxu||||| |||| 00| 0 eng d
035 _a(Sirsi) u56248
041 _aeng
050 _a711.552
110 _aHillier Parker
_92054
245 _aShop expansion plans. - April 1996
260 _aLondon
_bHillier Parker
_c1996
300 _a1 sheet ; 30cm.
350 _a0
650 _aEXPANSION PLANS
650 _aHIGH STREET SHOPS
650 _aOUT-OF-TOWN DEVELOPMENTS
650 _aSHOP EXPANSION PLANS
650 _aSHOPS
690 _aPROPERTY-COMMERCIAL PROPERTY-RETAIL PROPERTY
942 _n0
948 _c04/03/1997
999 _c93754
_d93754